Movies Quiz

Random Movies or Letter Quiz

The 'L' Movies Quiz Stats

 Plays Quiz Updated Dec 19, 2018

Also try: The 'H' Movies
Challenge
Share
Tweet
Score 0/24 Timer 08:00
12 Plays Today
% Correct
The Lion King
99.9%
The Lego Movie
94.1%
The Lord of the Rings: The Fellowship of the Ring
90.2%
The Little Mermaid
89.7%
The Last Samurai
83.4%
The Lorax
74.6%
The Lone Ranger
72.8%
The Longest Yard
65.2%
The Little Rascals
63.6%
The Last of the Mohicans
61.9%
The Lost Boys
60.7%
The Last King of Scotland
59.2%
% Correct
The Land Before Time
59%
The Love Guru
54.8%
The Legend of Bagger Vance
54.3%
The League of Extraordinary Gentlemen
46.1%
The Lost World: Jurassic Park
45.9%
The Life Aquatic with Steve Zissou
43.6%
The Lake House
38.9%
The Lincoln Lawyer
37.5%
The Last Picture Show
27.7%
The Lovely Bones
26.9%
The Living Daylights
26.4%
The Long Kiss Goodnight
25.1%

You're not logged in!

Compare scores with friends on all Sporcle quizzes.
OR
Log In

You Might Also Like...

Show Comments

Extras

Top Quizzes Today


Score Distribution

Your Account Isn't Verified!

In order to create a playlist on Sporcle, you need to verify the email address you used during registration. Go to your Sporcle Settings to finish the process.

Report this User

Report this user for behavior that violates our Community Guidelines.

Details: